=LDR 00000nam 2200000 4500 =001 NUTBA000000000004245 =005 20181022103104 =035 ##$$a 0010-091400000000278 =008 181022###########################0#ind## =020 ##$$a 978-602-97894-0-9 =082 ##$$a 641.1 =090 ##$$a 641.1 Har s =100 ##$$a purwiyanto Hariyadi =245 1#$$a Smart Eating Nutrisi Dan Deleciaus /$c purwiyanto Hariyadi =260 ##$$a Bogor :$b Indraprasta II,$c 2010 =300 ##$$a 145 cm : $b ilus ; $c 11 cm =850 ##$$a NBNMAT =084 ##$$a 641.1 PUR s =710 ##$$a Pramomodjati =990 ##$$a 0001/BPAP-NTB/20142014 =990 ##$$a 82258225 =990 ##$$a 21110221 =990 ##$$a 0001/BPAP-NTB/20142014